[Event "ch-SCO"]
[Site "Glasgow SCO"]
[Date "2000.07.22"]
[Round "8"]
[White "McNab,C"]
[Black "Grant,J"]
[Result "0-1"]
[WhiteElo "2416"]
[BlackElo "2208"]

1.c4 e6 2.Nf3 d5 3.b3 c5 4.g3 Nc6 5.Bg2 d4 6.O-O Bd6 7.e4 Nge7 8.d3 e5 9.Na3 h5
10.h4 Bg4 11.Nc2 f6 12.a3 g5 13.hxg5 h4 14.gxh4 Ng6 15.gxf6 Nxh4 16.Bg5 Kd7
17.Nce1 Qg8 18.Bxh4 Rxh4 19.Qd2 Bxf3 20.Nxf3 Rg4 21.Ne1 Qg6 22.f3 Rg3 23.f7 Rf8
24.Kf2 Rxf7 25.Rh1 Rg7 26.Kf1 Be7 27.Qf2 Kc7 28.Ra2 Nd8 29.Rh3 Rxh3 30.Bxh3 Qh6
31.Qh2 Rh7 32.Kg2 Bf6 33.Qg3 Ne6 34.Bxe6 Qh1+ 35.Kf2 Bh4 36.Qxh4 Qxh4+  0-1

[Event "MTO Open"]
[Site "Biel SUI"]
[Date "2000.07.27"]
[Round "4"]
[White "Jurek,J"]
[Black "Ten Berge,H"]
[Result "1-0"]
[WhiteElo "2329"]
[BlackElo "2133"]

1.Nf3 e6 2.c4 d5 3.g3 Nf6 4.Bg2 Be7 5.O-O c6 6.d4 b6 7.Qc2 Nbd7 8.b3 O-O
9.Rd1 Ba6 10.Nbd2 b5 11.e4 bxc4 12.e5 Ne8 13.bxc4 Qa5 14.Bb2 Nb6 15.Bf1 Qa4
16.Rac1 Nc7 17.cxd5 Ncxd5 18.a3 Bxf1 19.Kxf1 Rfc8 20.Ne4 Qb5+ 21.Kg2 Na4
22.Rb1 c5 23.dxc5 Nxc5 24.Bd4 Qa4 25.Qxa4 Nxa4 26.Rb7 Rc7 27.Rxc7 Nxc7 28.Rb1 a6
29.Rb7 Nd5 30.Nd6 h6 31.Nd2 Bxd6 32.exd6 Rd8 33.Nc4 Nac3 34.Bxc3 Nxc3 35.d7 Kf8
36.Ne5 Ne4 37.Nc6  1-0

[Event "12th Open"]
[Site "Porto POR"]
[Date "2000.07.27"]
[Round "6"]
[White "Galego,L"]
[Black "Rocha,S"]
[Result "1-0"]
[WhiteElo "2419"]
[BlackElo "2374"]

1.c4 e6 2.Nf3 d5 3.g3 dxc4 4.Qa4+ Bd7 5.Qxc4 Bc6 6.Bg2 Nf6 7.O-O Nbd7 8.d3 Be7
9.Qc2 O-O 10.Nbd2 a5 11.Nc4 Qb8 12.e4 Rc8 13.Nd4 Ra6 14.Bg5 Bf8 15.Rac1 Qa7
16.Be3 Bc5 17.Qc3 Ng4 18.Nxc6 Rxc6 19.Bxc5 Qxc5 20.d4 Qh5 21.h3 Ngf6 22.Qxa5 Qxa5
23.Nxa5 Ra6 24.Nxb7 Rxa2 25.Nd6 Rd8 26.Rxc7 Nf8 27.e5 Rxb2 28.Nxf7 Rd7 29.Rxd7 N6xd7
30.Nd8 Rd2 31.Nc6 Kf7 32.Rb1 g5 33.Bf3  1-0

[Event "KB Czech Open"]
[Site "Pardubice CZE"]
[Date "2000.07.28"]
[Round "8"]
[White "Plachetka,J"]
[Black "Haba,P"]
[Result "1-0"]
[WhiteElo "2373"]
[BlackElo "2497"]

1.c4 e6 2.Nf3 d5 3.g3 Nf6 4.Bg2 Be7 5.O-O O-O 6.b3 b6 7.Bb2 Bb7 8.cxd5 exd5
9.d4 c5 10.Nc3 Nbd7 11.Rc1 Re8 12.Qc2 a6 13.Rfd1 Bd6 14.dxc5 bxc5 15.Nh4 Nb6
16.Nf5 Bf8 17.Nxd5 Bxd5 18.Bxf6 Qxf6 19.Bxd5 Nxd5 20.Rxd5 Qe6 21.Ne3 g6 22.Rcd1 Bh6
23.Qxc5 Bxe3 24.Qxe3 Qxe3 25.fxe3 a5 26.Kf2 a4 27.b4 a3 28.R1d3 Ra4 29.Rb3 Rb8
30.b5 Rb6 31.Ke1 Kf8 32.Kd2 Ke7 33.Kc3 Re4 34.Kd3 Ra4 35.Rd4 Ra8 36.Kc3 Rc8+
37.Rc4 Rcb8 38.Rc5 Kd6  1-0

[Event "4th Open"]
[Site "Korinthos GRE"]
[Date "2000.07.31"]
[Round "7"]
[White "Drazic,S"]
[Black "Novikov,I"]
[Result "1/2-1/2"]
[WhiteElo "2508"]
[BlackElo "2611"]

1.c4 e6 2.Nf3 d5 3.e3 Nf6 4.b3 c5 5.Bb2 Nc6 6.cxd5 exd5 7.Bb5 Bd6 8.d4 Qa5+
9.Nc3 Ne4 10.dxc5 Nxc3 11.Bxc6+ bxc6 12.Qd2 Qxc5 13.Bxc3 O-O 14.O-O Qb6 15.Rfc1 Be6
16.b4 Rfc8 17.Rab1 Qc7 18.Rb3 Qe7 19.Nd4 c5 20.bxc5 Bxc5 21.Qb2 Bb6 22.Bb4 Bxd4
23.exd4 Rxc1+ 24.Qxc1 Qd7 25.Bc5 h6 26.h3 a6 27.Qf4 Rc8 28.a3 Kh7 29.g4 Qa4
30.Qf3 Qc4 31.Rc3 Qb5 32.Rb3 Qc4 33.Rc3 Qb5 34.Rb3 Qc4 35.Rc3 Qb5 36.Rb3 Qc4  1/2-1/2

[Event "A64 Open"]
[Site "Olomouc CZE"]
[Date "2000.08.04"]
[Round "3"]
[White "Campanile,A"]
[Black "Bylino,O"]
[Result "1/2-1/2"]
[WhiteElo "2135"]
[BlackElo "2264"]

1.c4 e6 2.Nf3 d5 3.b3 Nf6 4.g3 b6 5.Bg2 Bb7 6.Bb2 Nbd7 7.cxd5 exd5 8.O-O Be7
9.Qc2 c5 10.Nh4 O-O 11.Nf5 Re8 12.e3 Bf8 13.f4 Qc8 14.Na3 a6 15.Rae1 b5 16.d3 Bc6
17.Nb1 Qb7 18.Qd1 Red8 19.g4 g6 20.Ng3 Bg7 21.Rf2 Nf8 22.h4 d4 23.e4 c4 24.g5 N6d7
25.dxc4 bxc4 26.bxc4 Nc5  1/2-1/2

[Event "A64 Open"]
[Site "Olomouc CZE"]
[Date "2000.08.10"]
[Round "9"]
[White "Campanile,A"]
[Black "Johansson,Ja"]
[Result "0-1"]
[WhiteElo "2135"]
[BlackElo "2353"]

1.c4 e6 2.Nf3 d5 3.b3 c5 4.g3 Nc6 5.Bg2 Nf6 6.O-O d4 7.d3 e5 8.e4 Be7 9.Na3 Bg4
10.Nc2 Nd7 11.a3 a5 12.Rb1 h6 13.Qe2 Bg5 14.h3 Be6 15.Bd2 Qe7 16.Rb2 Nb6
17.Kh2 O-O 18.Nce1 Bxd2 19.Nxd2 a4 20.Nc2 axb3 21.Rxb3 Na4 22.Qh5 f6 23.h4 Nc3
24.Bh3 Bf7 25.Qg4 b5 26.Qd7 Qxd7 27.Bxd7 Na5 28.Rxb5 Rfd8 29.Bg4 Nxb5 30.cxb5 c4
31.Nxc4 Nxc4 32.dxc4 Bxc4 33.Rb1 Bd3 34.Be6+ Kf8 35.Rc1 Bxc2 36.Rxc2 d3 37.Rd2 Rxa3
38.Bd5 Rb8 39.Bc6 Ke7 40.Kg2 Kd6 41.Kf3 Kc5 42.Ke3 Rd8 43.h5 Rd4 44.Be8 Kc4
45.Bc6 Ra1  0-1

[Event "Lost Boys Open"]
[Site "Amsterdam NED"]
[Date "2000.08.12"]
[Round "2"]
[White "Bosboom,M"]
[Black "Blokhuis,J"]
[Result "1/2-1/2"]
[WhiteElo "2455"]
[BlackElo "2240"]

1.c4 e6 2.Nf3 d5 3.g3 Nf6 4.Bg2 Nbd7 5.Qc2 c6 6.O-O Bd6 7.b3 Qe7 8.Nc3 O-O
9.Bb2 a6 10.d4 dxc4 11.bxc4 e5 12.e3 Rb8 13.Rad1 c5 14.dxe5 Nxe5 15.Nxe5 Bxe5
16.f4 Bxc3 17.Qxc3 b5 18.e4 Bb7 19.e5 Nd7 20.Bxb7 Rxb7 21.f5 f6 22.exf6 Nxf6
23.Rfe1 Qc7 24.Re6 Qc8 25.Rde1 Rbf7 26.cxb5 axb5 27.Qb3 c4 28.Qxb5 c3 29.Rc6 Qd7
30.Bxc3 Nd5 31.Bd4 Rxf5 32.Qc4 Kh8 33.a4 Rf3 34.Rce6 Qd8 35.R6e5 Nb6 36.Qb4 Nd5
37.Qc4 Nb6 38.Qb4 Nd5 39.Qc5 Nf6 40.a5 Nd7 41.Rg5 Nxc5 42.Bxg7+ Kg8 43.Bf6+ Kf7
44.Bxd8 Ne6 45.Rh5 Rxd8 46.Rxh7+ Kg6 47.Rb7 Ng5 48.Rb6+ Kh5 49.Re2 Rd1+ 50.Kg2 Rff1
51.Rb5 Rg1+ 52.Kf2 Rgf1+ 53.Kg2 Rg1+  1/2-1/2

[Event "101st US Open"]
[Site "Saint Paul USA"]
[Date "2000.08.12"]
[Round "8"]
[White "Szpisjak,S"]
[Black "Shipman,W"]
[Result "1/2-1/2"]
[WhiteElo "2246"]
[BlackElo "2306"]

1.c4 e6 2.Nf3 d5 3.g3 Nf6 4.Bg2 Be7 5.O-O O-O 6.d4 c6 7.Qc2 b6 8.b3 Nbd7
9.Rd1 Bb7 10.Nc3 Rc8 11.e4 Nxe4 12.Nxe4 dxe4 13.Qxe4 Nf6 14.Qc2 Qe8 15.c5 Nd5
16.a3 Bf6 17.b4 Ba6 18.Bg5 h6 19.Bxf6 Nxf6 20.Ne5 Nd5 21.Qa4 Bb5 22.Qb3 f6
23.Nc4 Bxc4 24.Qxc4 b5 25.Qb3 a5 26.bxa5 Ra8 27.Bxd5 exd5 28.Re1 Qd7 29.a4 Rxa5
30.axb5 Rxb5  1/2-1/2

[Event "TCh-ESP"]
[Site "Barcelona ESP"]
[Date "2000.08.13"]
[Round "9"]
[White "Cifuentes Parada,R"]
[Black "Rodriguez,Or"]
[Result "0-1"]
[WhiteElo "2490"]
[BlackElo "2494"]

1.c4 e6 2.Nf3 d5 3.g3 Nf6 4.Bg2 c6 5.b3 a5 6.Bb2 Be7 7.O-O O-O 8.d4 Ne4 9.Nc3 f5
10.Ne5 Nd7 11.Nxe4 Nxe5 12.Nd2 Ng4 13.Nf3 Bd7 14.Qd2 h5 15.Rad1 h4 16.Ne5 Nxe5
17.dxe5 Be8 18.Qe3 Bh5 19.f4 a4 20.cxd5 cxd5 21.Bd4 Qa5 22.gxh4 Rac8 23.Rc1 Ba3
24.Rxc8 Rxc8 25.Qd3 Bc5 26.e3 Bxd4 27.exd4 a3 28.Bf3 Rc3 29.Qe2 Rxf3 30.Rxf3 Qb4
31.Kg2 Bxf3+ 32.Qxf3 Qxd4 33.Qh5 Qxf4 34.Qe8+ Kh7 35.Qxe6 d4 36.h5 Qg4+ 37.Kf1 Qxh5
38.Qd5 Qh3+ 39.Kg1 Qe3+ 40.Kf1 Qe4 41.Qf7 Qf4+ 42.Kg2 Qe4+ 43.Kg1 Qxe5 44.Qxb7 d3
45.Qd7 Qe3+ 46.Kg2 Qe4+ 47.Kf2 Qf4+ 48.Ke1 Qe3+ 49.Kf1 d2  0-1

[Event "FSIMB August"]
[Site "Budapest HUN"]
[Date "2000.08.14"]
[Round "10"]
[White "Zhao Xue"]
[Black "Franchini,G"]
[Result "1-0"]
[WhiteElo "2427"]
[BlackElo "2159"]

1.c4 e6 2.Nf3 d5 3.cxd5 exd5 4.d4 c6 5.Nc3 Bd6 6.g3 Ne7 7.Bg2 O-O 8.O-O Bf5
9.Re1 Nd7 10.a3 a5 11.Nh4 Nb6 12.Nxf5 Nxf5 13.Qd3 Ne7 14.e4 dxe4 15.Nxe4 Ned5
16.Bd2 a4 17.Nc5 Qc7 18.b4 axb3 19.Qxb3 Bxc5 20.dxc5 Nd7 21.Qc4 Rfe8 22.a4 h6
23.a5 Rxe1+ 24.Rxe1 N7f6 25.Qb3 Nd7 26.Bxd5 Nxc5 27.Qa3  1-0

[Event "IV Taca Brasilia CC"]
[Site "Brasilia BRA"]
[Date "2000.08.17"]
[Round "11"]
[White "Tsuboi,E"]
[Black "Chemin,V"]
[Result "1/2-1/2"]
[WhiteElo "2307"]
[BlackElo "2309"]

1.c4 e6 2.Nf3 d5 3.g3 c5 4.Bg2 Nc6 5.d4 Nf6 6.cxd5 exd5 7.O-O Be7 8.Nc3 O-O
9.Bg5 cxd4 10.Nxd4 h6 11.Be3 Be6 12.h3 Qd7 13.Kh2 Rfd8 14.Qa4 a6 15.Rac1 b5
16.Qd1 Ne5 17.b3 Rdc8 18.Rc2 Nc6 19.Nxe6 fxe6 20.Nb1 a5 21.a3 a4 22.b4 Ne5
23.Bd4 Rxc2 24.Qxc2 Rc8 25.Qa2 Nc4 26.f4 Nd6 27.Nc3 Nf5 28.Bxf6 Bxf6 29.Nxd5 exd5
30.Bxd5+ Kh8 31.Be6 Rc2 32.Bxd7 Rxa2 33.Bxf5 Rxe2+ 34.Kh1 Re3 35.Rc1 Kg8
36.Bg6 Rc3 37.Re1 Rc8 38.Kg2 Kf8 39.Kf3 Bb2 40.Re3 Bc1 41.Re5 Rb8 42.Bd3 Bxa3
43.Bxb5 Bb2 44.Rf5+ Ke7 45.Bxa4 Rxb4 46.Bc2 Rc4 47.Bd3 Rd4 48.Ke3 Ra4 49.Rb5 Bd4+
50.Kf3 Ra7 51.h4 Ra3 52.Ke4 Bf2 53.Re5+ Kf6 54.Rf5+ Ke7 55.Re5+ Kf6 56.Rf5+  1/2-1/2

[Event "Open"]
[Site "Porto San Giorgio ITA"]
[Date "2000.08.23"]
[Round "4"]
[White "Razuvaev,Y"]
[Black "Borgo,G"]
[Result "1-0"]
[WhiteElo "2555"]
[BlackElo "2391"]

1.c4 e6 2.Nf3 d5 3.d4 Nf6 4.g3 Bb4+ 5.Nbd2 O-O 6.Bg2 c6 7.O-O Nbd7 8.Qc2 a5
9.e4 a4 10.e5 Ne8 11.Rd1 b6 12.Nf1 Be7 13.h4 h6 14.Ne3 Ba6 15.Bd2 Nc7 16.Rac1 dxc4
17.Nxc4 Nd5 18.Qe4 Bb4 19.Qg4 Kh8 20.Bxb4 Nxb4 21.a3 Nd5 22.Nd6 Nb8 23.Nd2 Ra7
24.N2c4 Rd7 25.Ne3 Ne7 26.h5 Nc8 27.Nxc8 Bxc8 28.Nc4 b5 29.Nd6 Qb6 30.Qf4 Ba6
31.g4 f6 32.Be4 b4 33.Bb1 bxa3 34.bxa3 Qd8 35.Qe4 f5 36.gxf5 Qg5+ 37.Qg2 Qxg2+
38.Kxg2 exf5  1-0

[Event "Summer Festival Open"]
[Site "Lisbon POR"]
[Date "2000.08.24"]
[Round "4"]
[White "Ftacnik,L"]
[Black "Barbero,G"]
[Result "1/2-1/2"]
[WhiteElo "2608"]
[BlackElo "2445"]

1.c4 e6 2.Nf3 d5 3.d4 Nf6 4.g3 Bb4+ 5.Nc3 dxc4 6.Bg2 Nc6 7.O-O O-O 8.Bg5 h6
9.Bxf6 Qxf6 10.e3 Bd6 11.Qa4 e5 12.d5 Nd8 13.Qxc4 Qe7 14.Ne4 f5 15.Nxd6 cxd6
16.Rfc1 Nf7 17.Qc7 Qf6 18.Rc3 f4 19.exf4 exf4 20.Re1 fxg3 21.fxg3 Ng5 22.Kh1 Nh3
23.Qe7 Bg4 24.Qxf6 Rxf6 25.Nd4 Rf2 26.Ne6 Rxb2 27.Rc7 Kh8 28.Nxg7 Rf8 29.Ne6 Re8
30.Rf1 Nf2+ 31.Kg1 Nh3+ 32.Kh1 Nf2+ 33.Kg1 Nh3+ 34.Kh1  1/2-1/2

[Event "MSO Ron Banwell mem"]
[Site "London ENG"]
[Date "2000.08.27"]
[Round "8"]
[White "Summerscale,A"]
[Black "Rahman,Zia"]
[Result "1-0"]
[WhiteElo "2459"]
[BlackElo "2421"]

1.Nf3 e6 2.c4 d5 3.d4 dxc4 4.e3 b5 5.a4 b4 6.Bxc4 Nf6 7.O-O Be7 8.Nbd2 Bb7
9.Re1 O-O 10.e4 c5 11.e5 Nfd7 12.Nb3 Nb6 13.Bf1 c4 14.Nbd2 c3 15.bxc3 bxc3
16.Ne4 Bxe4 17.Rxe4 Nc6 18.Rg4 f5 19.exf6 Bxf6 20.Bd3 h5 21.Re4 Rc8 22.Ba3 Rf7
23.Rc1 Nd5 24.Rxe6 Nxd4 25.Rd6 Qa5 26.Nxd4 Nf4 27.Bb5 Be7 28.Ra6 Qd8 29.Bxe7 Qxe7
30.Ne2 Nxg2 31.Kxg2 Qe4+ 32.Kg1 Rxf2 33.Rg6 Rcf8 34.Rg3 h4 35.Qd3 Qe7 36.Qd5+ R8f7
37.Qa8+ Rf8 38.Qd5+ R8f7 39.Rgxc3 Rf5 40.Rc8+ Kh7  1-0

[Event "Open"]
[Site "Abudhabi UAE"]
[Date "2000.08.28"]
[Round "3"]
[White "Magerramov,E"]
[Black "Hassan,Ab"]
[Result "1-0"]
[WhiteElo "2568"]
[BlackElo "2257"]

1.c4 e6 2.Nf3 d5 3.g3 Nf6 4.Bg2 Be7 5.O-O O-O 6.d4 dxc4 7.Qc2 c5 8.dxc5 Qc7
9.Qxc4 Bxc5 10.Be3 Bb6 11.Qxc7 Bxc7 12.Na3 Nd5 13.Nb5 Na6 14.Nxc7 Naxc7 15.Bc5 Rd8
16.e4 b6 17.Ba3 Nf6 18.Rfc1 Nce8 19.Ne5 Bb7 20.f3 h6 21.Bf1 a6 22.Nc4 b5
23.Na5 Rab8 24.Bc5 Ba8 25.Ba7 Rbc8 26.Bb6 Rxc1 27.Rxc1 Rb8 28.Be3 Nd7 29.Kf2 Nef6
30.Rc7 Ne5 31.Bd4 Nfd7 32.Be2  1-0

[Event "IV Russian Cup Final"]
[Site "Elista RUS"]
[Date "2000.08.29"]
[Round "10"]
[White "Grigoriants,S RUS"]
[Black "Volkov,S"]
[Result "1-0"]
[WhiteElo "2503"]
[BlackElo "2554"]

1.c4 e6 2.Nf3 d5 3.b3 a5 4.e3 Nf6 5.Bb2 a4 6.bxa4 Nbd7 7.cxd5 exd5 8.Nc3 Bd6
9.Rc1 c6 10.Bd3 O-O 11.h3 Re8 12.O-O Ne4 13.Bc2 Nf8 14.Nd4 Qh4 15.Nxe4 dxe4
16.Qe2 Ra5 17.f4 Rh5 18.Qf2 Qe7 19.Bd1 Rh4 20.a5 Bd7 21.Be2 Rh6 22.Bc3 c5
23.Nb5 Bb8 24.Na3 Ng6 25.Rb1 Bc8 26.Nc4 Nh4 27.Rb6 Rg6 28.Rxg6 hxg6 29.Be5 Be6
30.Bxb8 Rxb8 31.Rb1 Rd8 32.Rb2 g5 33.Qg3 gxf4 34.Qxf4 f5 35.Rb6 Ng6 36.Qg3 Nf8
37.Qe5 Rd5 38.Qb8 Rd7 39.Ne5 Rd8 40.Qxb7 Qxb7 41.Rxb7 Rxd2 42.Bb5 f4 43.Rb8 fxe3
44.a6 Rxa2 45.Kf1 c4 46.Nxc4 e2+ 47.Ke1 g5 48.Ne5 Kg7 49.Bxe2 Ng6 50.Rb7+ Kf6
51.Nxg6 Kxg6 52.Rb6 Kf7 53.Rb7+ Kf6 54.Rb6 Kf7 55.Rc6 Bb3 56.Rc3 Bd5 57.Kf2 Kf6
58.Ke3 Ke5 59.g3 Ra1 60.h4 gxh4 61.gxh4 Ra5 62.h5 Bf7 63.h6 Bg6 64.Rc7 Ra3+
65.Kf2 Kf4 66.h7 e3+ 67.Kg2 Be4+ 68.Kh3 Ra1 69.Rf7+ Kg5 70.Rg7+ Kf5 71.Rg2 Kf4
72.Rg4+ Kf5 73.Rxe4 Kxe4 74.Kg2 Ra2 75.h8=Q Rxe2+ 76.Kg3 Ra2 77.Qh7+ Kd4
78.a7 e2 79.Kf2 Kc3 80.Qc7+ Kd2 81.Qd6+  1-0

[Event "ch-ARM"]
[Site "Yerevan ARM"]
[Date "2000.09.03"]
[Round "5"]
[White "Minasian,Ara"]
[Black "Asrian,K"]
[Result "1/2-1/2"]
[WhiteElo "2466"]
[BlackElo "2566"]

1.c4 e6 2.Nf3 d5 3.g3 Nf6 4.Bg2 Be7 5.O-O O-O 6.d4 dxc4 7.Qc2 a6 8.Qxc4 b5
9.Qc2 Bb7 10.Bf4 Nc6 11.Rd1 Nb4 12.Qc1 Qc8 13.Nbd2 c5 14.dxc5 Bxc5 15.Nb3 Bb6
16.Bd6 Nc2 17.Bxf8 Nxa1 18.Qxc8 Rxc8 19.Bc5 Nxb3 20.Bxb6 Nc1 21.Bc5 Nxa2
22.Ne5 Bxg2 23.Kxg2 h6 24.Nd3 e5 25.Be7 e4 26.Nf4 b4 27.Rd6 Rc2 28.b3 Nc1
29.Bxf6 gxf6 30.Rxa6 Nxe2 31.Nxe2 Rxe2 32.Rb6 e3 33.Kf3 Rxf2+ 34.Kxe3 Rxh2
35.Rxb4 Rb2 36.Rg4+ Kh7 37.b4 Rb3+ 38.Kf2 f5 39.Rc4 Kg6 40.Rd4 Kg5 41.Rc4 f6
42.Rd4  1/2-1/2

[Event "chT-POL"]
[Site "Zakopane chT"]
[Date "2000.09.03"]
[Round "2"]
[White "Stohl,I"]
[Black "Markowski,T"]
[Result "1/2-1/2"]
[WhiteElo "2578"]
[BlackElo "2568"]

1.c4 e6 2.Nf3 d5 3.d4 c6 4.Bg5 Be7 5.Bxe7 Qxe7 6.Qc2 Nf6 7.e3 O-O 8.Nc3 Nbd7
9.Rd1 Re8 10.Bd3 e5 11.dxe5 dxc4 12.Bxc4 Nxe5 13.Be2 Nxf3+ 14.Bxf3 Bg4 15.Bxg4 Nxg4
16.h3 Nf6 17.O-O Rad8  1/2-1/2

[Event "Najdorf Final KO"]
[Site "Buenos Aires ARG"]
[Date "2000.09.11"]
[Round "2.1"]
[White "Sunye Neto,J"]
[Black "Bertona,F"]
[Result "0-1"]
[WhiteElo "2555"]
[BlackElo "2405"]

1.c4 e6 2.Nf3 d5 3.g3 c6 4.b3 Nf6 5.Bg2 Nbd7 6.O-O Bd6 7.Nc3 O-O 8.d4 Re8
9.Qc2 dxc4 10.bxc4 e5 11.e3 exd4 12.exd4 Nf8 13.Rd1 Bg4 14.h3 Bh5 15.Qb3 Rb8
16.g4 Bg6 17.Ne5 Ne6 18.Be3 Qa5 19.Nxg6 hxg6 20.Ne2 Qc7 21.d5 Nc5 22.Qc2 Nfe4
23.Rab1 cxd5 24.cxd5 Qe7 25.Nd4 a6 26.Rbc1 Rbd8 27.Nb3 Nxb3 28.axb3 Qe5 29.Bxe4 Qxe4
30.Qxe4 Rxe4 31.Bb6 Rd7 32.Rc4 Re5 33.b4 g5 34.Kg2 f6 35.Be3 Bf8 36.Rc8 Kf7
37.Bc5  0-1

[Event "3rd Int"]
[Site "Torshavn FAI"]
[Date "2000.10.09"]
[Round "4"]
[White "Johannessen,LE"]
[Black "Naes,F"]
[Result "1-0"]
[WhiteElo "2422"]
[BlackElo "2271"]

1.c4 e6 2.Nf3 d5 3.d4 c5 4.cxd5 exd5 5.g3 Nc6 6.Bg2 Nf6 7.O-O Be7 8.Nc3 O-O
9.Bg5 cxd4 10.Nxd4 h6 11.Be3 Bg4 12.Qa4 Qd6 13.Rfd1 a6 14.Rac1 Be6 15.a3 Ne5
16.Bf4 g5 17.Bxe5 Qxe5 18.Qb3 Qd6 19.Qc2 Rfd8 20.Rd2 Bf8 21.Rcd1 Rac8 22.Qb3 Qc7
23.Nxe6 fxe6 24.e4 Qc4 25.Qxc4 Rxc4 26.exd5 Bxa3 27.bxa3 Rxc3 28.dxe6 Rxd2
29.Rxd2 Rc1+ 30.Bf1 g4 31.Rd6 Kf8 32.Rb6 Ne4 33.Kg2 Re1 34.Rxb7 Nc5 35.Rb6 Nxe6
36.Rxa6 Kg7 37.f3 gxf3+ 38.Kf2 Re5 39.Kxf3 Nd4+ 40.Kf2 Rf5+ 41.Kg2 Nc2 42.Be2 Re5
43.Kf2 Re3  1-0

[Event "22nd Open"]
[Site "Arco ITA"]
[Date "2000.10.21"]
[Round "1"]
[White "Cocchi,A"]
[Black "Astengo,M"]
[Result "1-0"]
[WhiteElo "2261"]
[BlackElo "2060"]

1.c4 e6 2.Nf3 d5 3.e3 Nf6 4.b3 c6 5.Bb2 Nbd7 6.Be2 Bd6 7.O-O O-O 8.Nc3 Re8
9.Qc2 Nf8 10.e4 dxe4 11.Nxe4 Nxe4 12.Qxe4 e5 13.d3 Ng6 14.Rfe1 Bb4 15.Red1 Bc5
16.Bf1 Bd7 17.h3 Qb6 18.Qe2 Bf5 19.Nxe5 Bd4 20.Bxd4 Qxd4 21.Nf3 Qf6 22.Qd2 Bxh3
23.Qg5 Qxg5 24.Nxg5 Bf5 25.f3 Rad8 26.Kf2 Ne5 27.d4 Ng6 28.Bd3 Bxd3 29.Rxd3 Nf4
30.Rd2 h6 31.Ne4 f5 32.Nc3 Rd7 33.g3 Nh3+ 34.Kg2 Ng5 35.d5 Re3 36.Na4 Rxf3
37.Nc5 Rc7 38.d6 Rc8 39.d7 Rd8 40.Nxb7  1-0

[Event "22nd Open"]
[Site "Arco ITA"]
[Date "2000.10.23"]
[Round "3"]
[White "Rotstein,A"]
[Black "Piankov,E"]
[Result "1/2-1/2"]
[WhiteElo "2492"]
[BlackElo "2365"]

1.c4 e6 2.Nf3 d5 3.b3 Nf6 4.Bb2 Be7 5.g3 O-O 6.Bg2 b6 7.O-O Bb7 8.e3 Nbd7
9.Nc3 Ne4 10.cxd5 exd5 11.Ne2 Bf6 12.Bxf6 Qxf6 13.Rc1 c5 14.d3 Nd6 15.d4 Ne4
16.Nf4 Qd6 17.Qc2 Rac8 18.dxc5 Rxc5 19.Qb2 Rfc8 20.Nd4 g6 21.Nd3 Rxc1 22.Rxc1 Rxc1+
23.Qxc1 Ndc5 24.Ne1 a5 25.Bf1 h5 26.Nef3 Qf6 27.Qc2 Bc8 28.a3 Bg4 29.Bg2 Qd6
30.Ne1 Nf6 31.b4 axb4 32.axb4 Na6 33.b5 Nc5 34.Qa2 Ne6 35.Nec2 Nc7 36.Qb2 Bd7
37.Bf1 Ne4 38.Nb4 h4 39.gxh4 Qf6 40.f3 Nd6 41.Qc3 Qd8 42.Ndc6 Ndxb5 43.Bxb5 Nxb5
44.Qd3 Qxh4 45.Qxb5 Qe1+ 46.Kg2 Qd2+ 47.Kg3 Qe1+ 48.Kf4 g5+ 49.Ke5 Qxe3+
50.Kd6 Bxc6 51.Nxc6 Qxf3 52.Ne7+ Kg7 53.Nxd5 Qf2 54.h3 Qc5+ 55.Qxc5 bxc5
56.Ke5 Kg6 57.Ne3 Kh5 58.Ng2 c4 59.Kd4 f5 60.Kxc4 f4 61.Kd3 f3 62.Ke3  1/2-1/2

[Event "34th Olympiad"]
[Site "Istanbul TUR"]
[Date "2000.10.29"]
[Round "2"]
[White "McNab,C"]
[Black "Anastasian,A"]
[Result "0-1"]
[WhiteElo "2416"]
[BlackElo "2571"]

1.c4 e6 2.Nf3 d5 3.b3 Be7 4.Bb2 Bf6 5.d4 dxc4 6.bxc4 c5 7.e3 Nc6 8.Qd2 cxd4
9.exd4 Nge7 10.Na3 Nf5 11.Nc2 O-O 12.Bd3 b6 13.O-O Bb7 14.Rad1 Na5 15.Qe2 Rc8
16.Ne3 Bxf3 17.Qxf3 Nxe3 18.fxe3 Nxc4 19.Bc1 Bg5 20.Qe2 b5 21.Rf3 g6 22.Bd2 Nxd2
23.Qxd2 a6 24.Qb4 Be7 25.Qb3 Qa5 26.Qb1 Rc3 27.Bc2 Bg5 28.Kf2 Qc7 29.Bb3 Qxh2
30.Rh3 Qd6 31.Qe4 Kg7 32.Rdh1 h6 33.Rd1 a5 34.Rd3 Rfc8 35.Ke2 Rxd3 36.Qxd3 a4
37.Bd1 Qd5  0-1

[Event "34th Olympiad"]
[Site "Istanbul TUR"]
[Date "2000.10.29"]
[Round "2"]
[White "McNab,C"]
[Black "Anastasian,A"]
[Result "0-1"]
[WhiteElo "2416"]
[BlackElo "2571"]

1.c4 e6 2.Nf3 d5 3.b3 Be7 4.Bb2 Bf6 5.d4 dxc4 6.bxc4 c5 7.e3 Nc6 8.Qd2 cxd4
9.exd4 Nge7 10.Na3 Nf5 11.Nc2 O-O 12.Bd3 b6 13.O-O Bb7 14.Rad1 Na5 15.Qe2 Rc8
16.Ne3 Bxf3 17.Qxf3 Nxe3 18.fxe3 Nxc4 19.Bc1 Bg5 20.Qe2 b5 21.Rf3 g6 22.Qd2 a6
23.Qb4 Be7 24.Qb3 Qa5 25.Qb1 Bg5 26.Bc2 Qc7 27.Kf2 Qxh2 28.Bb3 Qh3 29.Rxh3 Kg7
30.Qe4 h6 31.Rdh1 a5 32.Ke2 a4 33.Qd3  0-1

[Event "Chigorin Mem"]
[Site "St Petersburg RUS"]
[Date "2000.11.02"]
[Round "3"]
[White "Nureev,G"]
[Black "Ivanov,Se"]
[Result "1-0"]
[WhiteElo "2421"]
[BlackElo "2574"]

1.c4 e6 2.Nf3 d5 3.b3 Nf6 4.g3 Be7 5.Bg2 O-O 6.O-O c5 7.e3 Nc6 8.d3 d4 9.exd4 cxd4
10.Re1 Nd7 11.Na3 e5 12.Nc2 a5 13.Rb1 f6 14.a3 Nc5 15.b4 Na4 16.Bd2 axb4
17.axb4 Bf5 18.b5 Nb8 19.Nfxd4 exd4 20.Bxb7 Ra7 21.Bd5+ Kh8 22.Nxd4 Bc8 23.Ra1 Bc5
24.Nb3 Qb6 25.d4 Bxd4 26.Nxd4 Qxd4 27.Be3 Qxd1 28.Rexd1 Ra5 29.Rd2 Bd7 30.Rda2 Rxb5
31.cxb5 Nc3 32.Rd2 Bxb5 33.Bf3 Nd7 34.Bd4 Na4 35.Rb1 Ba6 36.Ra2 Bd3 37.Rb7 Re8
38.h4 Ndc5 39.Rb4 Re1+ 40.Kh2  1-0

[Event "3rd Open"]
[Site "Etang Sale FRA"]
[Date "2000.11.04"]
[Round "8"]
[White "Adrian,C"]
[Black "Marciano,D"]
[Result "1/2-1/2"]
[WhiteElo "2407"]
[BlackElo "2522"]

1.c4 e6 2.Nf3 d5 3.d4 Nf6 4.g3 dxc4 5.Qa4+ c6 6.Qxc4 b5 7.Qc2 Bb7 8.Bg2 Nbd7
9.a4 a6 10.O-O c5 11.axb5 axb5 12.Rxa8 Qxa8 13.dxc5 Bxc5 14.Nc3 b4 15.Na4 Be4
16.Qd1 Be7 17.Bg5 O-O 18.Ne1 Bxg2 19.Nxg2 h6 20.Bxf6 Nxf6 21.Nf4 Qc6 22.Nd3 Ra8
23.b3 Ne4 24.f3 Nc3 25.Qc2 Qd5 26.Nxc3 Qd4+ 27.Kg2 bxc3 28.Rc1 Bf6 29.Nf2 g6
30.Ne4 Bg7 31.Qxc3 Qxc3 32.Nxc3 Rb8  1/2-1/2

[Event "3rd Open"]
[Site "Etang Sale FRA"]
[Date "2000.11.05"]
[Round "9"]
[White "Kosten,A"]
[Black "Bonnet,E1"]
[Result "1-0"]
[WhiteElo "2524"]
[BlackElo "2201"]

1.c4 e6 2.Nf3 d5 3.e3 Nf6 4.d4 Be7 5.Nbd2 O-O 6.Bd3 Nbd7 7.b3 b6 8.Bb2 Bb7
9.O-O Ne4 10.Rc1 f5 11.Qe2 Bd6 12.Rfd1 Rf6 13.Nf1 Rh6 14.cxd5 Bxd5 15.Ne5 Qh4
16.f3 Ng5 17.e4 fxe4 18.Bxe4 Bb7 19.g3 Nh3+ 20.Kg2 Qg5 21.Ng4 Kh8 22.Nxh6 Nf4+
23.Kh1 Qxh6 24.gxf4 Bxf4 25.Rc2 Qg6 26.Qg2 Qh5 27.Re1 Nf6 28.Ree2  1-0

[Event "Chigorin Mem"]
[Site "St Petersburg RUS"]
[Date "2000.11.08"]
[Round "7"]
[White "Nureev,G"]
[Black "Geller,J"]
[Result "1-0"]
[WhiteElo "2421"]
[BlackElo "2258"]

1.c4 e6 2.Nf3 d5 3.b3 c6 4.g3 Nf6 5.Bg2 Nbd7 6.Bb2 Be7 7.O-O O-O 8.d3 b5
9.e4 bxc4 10.e5 c3 11.Nxc3 Ne8 12.d4 Ba6 13.Re1 Nc7 14.Rc1 c5 15.Na4 c4 16.Nd2 cxb3
17.Nxb3 Bb5 18.Nac5 Na6 19.a4 Naxc5 20.Nxc5 Bc6 21.Nxe6 fxe6 22.Rxc6 Bb4
23.Re2 Qe7 24.Bh3 Rae8 25.Bxe6+ Qxe6 26.Rxe6 Rxe6 27.Qb3 Rb8 28.Qxd5 Nf8
29.f4 Kh8 30.f5 Ree8 31.Kg2 a5 32.Qf3 Nd7 33.d5  1-0

[Event "34th Olympiad Women"]
[Site "Istanbul TUR"]
[Date "2000.11.12"]
[Round "14"]
[White "Palao,M"]
[Black "Castillo,D"]
[Result "1/2-1/2"]
[WhiteElo "2159"]
[BlackElo "2071"]

1.c4 e6 2.Nf3 d5 3.d4 Nf6 4.Bg5 Be7 5.e3 Nbd7 6.Bd3 O-O 7.O-O b6 8.Qc2 h6
9.Bh4 Bb7 10.Ne5 c5 11.Nc3 Rc8 12.Rad1 cxd4 13.exd4 dxc4 14.Bxc4 Nxe5 15.dxe5 Nd5
16.Bxd5 Bxd5 17.Bxe7 Qxe7 18.Nxd5 exd5 19.Qe2 Rfd8 20.Rd4 Rc4 21.Rfd1 Rxd4
22.Rxd4 f6 23.f4 fxe5 24.fxe5 Qe6 25.h3 Re8 26.Qb5 Rd8 27.Qe2 Re8 28.Qd2 Rd8
29.Re4 Re8 30.Re1 Qc6 31.Kh1 Qe6 32.Qd4 Rc8 33.Re2 Rc1+ 34.Kh2 Rc8 35.b3 Re8
36.Qa4 a5 37.Qd4 Rc8 38.Rd2 Rd8 39.a3 Kh8 40.b4 axb4 41.axb4 Qc6 42.Rd3 Qe6
43.b5 Kg8 44.Kh1 Kh8 45.Rc3 Re8 46.Re3 Rc8 47.Rc3 Re8  1/2-1/2

[Event "Tch-AUT 2000-01"]
[Site "Gleisdorf AUT"]
[Date "2000.11.17"]
[Round "3"]
[White "Eichler,C"]
[Black "Luther,T"]
[Result "0-1"]
[WhiteElo "2267"]
[BlackElo "2544"]

1.c4 e6 2.Nf3 d5 3.d4 Nf6 4.Bg5 h6 5.Bh4 Bb4+ 6.Nc3 dxc4 7.e3 b5 8.a4 c6
9.Be2 Bb7 10.O-O a6 11.Ne5 Nbd7 12.f4 Qb6 13.Nxd7 Nxd7 14.Bf3 O-O 15.Rc1 Rfe8
16.b3 cxb3 17.Qxb3 c5 18.d5 Bxc3 19.dxe6 Rxe6 20.Rxc3 c4 21.Qb4 Bxf3 22.Rxf3 Nc5
23.Rxc4 bxc4  0-1

[Event "72nd ch-GER"]
[Site "Seebad Heringsdorf GER"]
[Date "2000.11.17"]
[Round "1"]
[White "Slobodjan,R"]
[Black "Senff,M"]
[Result "1-0"]
[WhiteElo "2539"]
[BlackElo "2354"]

1.c4 e6 2.Nf3 d5 3.d4 c6 4.e3 Nf6 5.Nbd2 Nbd7 6.Bd3 b6 7.O-O Bb7 8.e4 dxe4
9.Nxe4 Be7 10.Bf4 O-O 11.Nxf6+ Nxf6 12.Qe2 c5 13.Rad1 cxd4 14.Nxd4 Qe8 15.Be5 Nd7
16.Bg3 a6 17.Bc2 Nf6 18.a3 Bc5 19.b4 Bxd4 20.Rxd4 Qc6 21.f3 Rfd8 22.Qd3 Rxd4
23.Qxd4 b5 24.c5 Qd5 25.Qc3 Bc6 26.Rd1 Qg5 27.Qd3 Bd5 28.Kf2 h5 29.h4 Qh6
30.a4 Nd7 31.axb5 axb5 32.Qxb5 Ra2 33.Qd3 Rb2 34.c6 Bxc6 35.Qc3  1-0